| Tag |
First Indicator |
Second Indicator |
Subfields |
| LEADER |
00000cam a2200000 4500 |
| 001 |
in00000055822 |
| 005 |
20151008052319.0 |
| 008 |
770329s1957 nyu 00000 eng d |
| 010 |
|
|
|a 57007242
|
| 035 |
|
|
|a (OCoLC)02845656
|
| 035 |
|
|
|9 AAH2769AM
|
| 040 |
|
|
|a DMM
|c DMM
|d TXA
|d UtOrBLW
|
| 049 |
|
|
|a TXAM
|c [287304]
|
| 050 |
|
0 |
|a HD8072
|b .S35
|
| 092 |
|
|
|a 338
|b S358i
|
| 100 |
1 |
|
|a Schneider, Eugene V.
|
| 245 |
1 |
0 |
|a Industrial sociology ;
|b the social relations of industry and the community.
|
| 264 |
|
1 |
|a New York :
|b McGraw-Hill,
|c [1957]
|
| 264 |
|
4 |
|c ©1957
|
| 300 |
|
|
|a 559 pages
|
| 336 |
|
|
|a text
|b txt
|2 rdacontent
|
| 337 |
|
|
|a unmediated
|b n
|2 rdamedia
|
| 338 |
|
|
|a volume
|b nc
|2 rdacarrier
|
| 490 |
1 |
|
|a McGraw-Hill series in sociology and anthropology
|
| 650 |
|
0 |
|a Industrial relations
|z United States.
|
| 650 |
|
0 |
|a Industries
|z United States.
|
| 830 |
|
0 |
|a McGraw-Hill series in sociology and anthropology.
|
| 999 |
|
|
|a MARS
|
| 999 |
f |
f |
|s 96ec1bf2-6f37-34f8-9429-ed01825d43d6
|i 94fd2767-2940-35c2-a2a6-083af5889292
|t 0
|
| 952 |
f |
f |
|p ric
|a Texas A&M University
|b Rellis Campus
|c Joint Library Facility
|d Remote Storage
|t 0
|e HD8072 .S35
|h Library of Congress classification
|i unmediated -- volume
|m A14800754949
|
| 998 |
f |
f |
|a HD8072 .S35
|t 0
|l Remote Storage
|